{"text_format":"3","workbook":"xls","n_sheets":1,"sheets":["Sheet1"],"read":"whole","date_system":"1900","formulas":"cached_only"}

{"sheet":"Sheet1","index":0,"n_rows":129,"n_cols":12,"rows_kept":129,"flags":["formulas_cached_only"]}
["名称","分类","重量（公斤）","大单位","小单位","单位比","加价","成本价","库存预警","别名","封面图","排序"]
["红玫","玫瑰类",5,"扎","支",20,100,30,5,"玫瑰红色 超玫",null,100]
["粉玫","玫瑰类",6,"扎","支",20,101,30,5,"玫瑰红色 超玫",null,100]
["香槟","玫瑰类",7,"扎","支",20,102,30,5,"玫瑰红色 超玫",null,100]
["红袖","玫瑰类",8,"扎","支",20,103,30,5,"玫瑰红色 超玫",null,100]
["紫玫","玫瑰类",9,"扎","支",20,104,30,5,"玫瑰红色 超玫",null,100]
["白玫","玫瑰类",10,"扎","支",20,105,30,5,"玫瑰红色 超玫",null,100]
["坦尼克","玫瑰类",11,"扎","支",20,106,30,5,"玫瑰红色 超玫",null,100]
["粉佳人","玫瑰类",12,"扎","支",20,107,30,5,"玫瑰红色 超玫",null,100]
["戴安娜","玫瑰类",13,"扎","支",20,108,30,5,"玫瑰红色 超玫",null,100]
["苏醒","玫瑰类",14,"扎","支",20,109,30,5,"玫瑰红色 超玫",null,100]
["蓝妖","玫瑰类",15,"扎","支",20,110,30,5,"玫瑰红色 超玫",null,100]
["金辉","玫瑰类",16,"扎","支",20,111,30,5,"玫瑰红色 超玫",null,100]
["艾莎","玫瑰类",17,"盒","支",20,112,30,5,"玫瑰红色 超玫",null,100]
["玛利亚","玫瑰类",18,"盒","支",20,113,30,5,"玫瑰红色 超玫",null,100]
["衬裙","玫瑰类",19,"盒","支",20,114,30,5,"玫瑰红色 超玫",null,100]
["伦敦眼","玫瑰类",20,"盒","个",20,115,30,5,"玫瑰红色 超玫",null,100]
["传奇","玫瑰类",21,"盒","支",20,116,30,5,"玫瑰红色 超玫",null,100]
["蝴蝶","玫瑰类",22,"扎","支",20,117,30,5,"玫瑰红色 超玫",null,100]
["诱惑","玫瑰类",23,"扎","支",20,118,30,5,"玫瑰红色 超玫",null,100]
["紫霞","玫瑰类",24,"扎","支",20,119,30,5,"玫瑰红色 超玫",null,100]
["闪耀","玫瑰类",25,"扎","支",20,120,30,5,"玫瑰红色 超玫",null,100]
["小白兔","玫瑰类",26,"扎","支",20,121,30,5,"玫瑰红色 超玫",null,100]
["金枝玉叶","玫瑰类",27,"扎","支",20,122,30,5,"玫瑰红色 超玫",null,100]
["粉红雪山","玫瑰类",28,"扎","支",20,123,30,5,"玫瑰红色 超玫",null,100]
["海洋之歌","玫瑰类",29,"扎","支",20,124,30,5,"玫瑰红色 超玫",null,100]
["本地玫瑰","玫瑰类",30,"扎","支",20,125,30,5,"玫瑰红色 超玫",null,100]
["索邦","百合类",31,"扎","支",20,126,30,5,"玫瑰红色 超玫",null,100]
["马龙","百合类",32,"扎","支",20,127,30,5,"玫瑰红色 超玫",null,100]
["西伯","百合类",33,"扎","支",20,128,30,5,"玫瑰红色 超玫",null,100]
["黄天霸","百合类",34,"扎","支",20,1,30,5,"玫瑰红色 超玫",null,100]
["黄金甲","百合类",35,"扎","支",20,2,30,5,"玫瑰红色 超玫",null,100]
["大连","百合类",36,"扎","支",20,3,30,5,"玫瑰红色 超玫",null,100]
["罗宾","百合类",37,"扎","支",20,4,30,5,"玫瑰红色 超玫",null,100]
["大丁","康乃馨",38,"扎","支",20,5,30,5,"玫瑰红色 超玫",null,100]
["多丁","康乃馨",39,"扎","支",20,6,30,5,"玫瑰红色 超玫",null,100]
["小菊","菊类",40,"扎","支",20,7,30,5,"玫瑰红色 超玫",null,100]
["乒乓菊","菊类",41,"扎","支",20,8,30,5,"玫瑰红色 超玫",null,100]
["银叶菊","菊类",5,"扎","支",20,9,30,5,"玫瑰红色 超玫",null,100]
["白菊","菊类",6,"扎","支",20,10,35,5,"玫瑰红色 超玫",null,100]
["黄菊","菊类",7,"扎","支",1,11,35,5,"玫瑰红色 超玫",null,100]
["非洲菊","菊类",8,"扎","支",1,12,35,5,"玫瑰红色 超玫",null,100]
["面包菊","菊类",9,"扎","支",1,13,35,5,"玫瑰红色 超玫",null,100]
["翠菊","菊类",10,"扎","支",1,14,35,5,"玫瑰红色 超玫",null,100]
["矢车菊","菊类",11,"扎","支",1,15,35,5,"玫瑰红色 超玫",null,100]
["温柔泡泡","多头玫瑰",12,"扎","支",1,16,35,5,"玫瑰红色 超玫",null,100]
["多头黄","多头玫瑰",13,"扎","支",1,17,35,5,"玫瑰红色 超玫",null,100]
["多头红玫","多头玫瑰",14,"扎","支",1,18,35,5,"玫瑰红色 超玫",null,100]
["惊艳泡泡","多头玫瑰",15,"扎","支",1,19,35,5,"玫瑰红色 超玫",null,100]
["霓虹泡泡","多头玫瑰",16,"扎","支",1,20,35,5,"玫瑰红色 超玫",null,100]
["流星雨","多头玫瑰",17,"扎","支",1,21,35,5,"玫瑰红色 超玫",null,100]
["狂欢泡泡","多头玫瑰",18,"扎","支",1,22,35,5,"玫瑰红色 超玫",null,100]
["迷雾泡泡","多头玫瑰",19,"扎","支",1,23,35,5,"玫瑰红色 超玫",null,100]
["中竹","竹子类",20,"扎","支",1,24,35,5,"玫瑰红色 超玫",null,100]
["大竹","竹子类",21,"扎","支",1,25,35,5,"玫瑰红色 超玫",null,100]
["弯竹60CM","竹子类",22,"扎","支",1,26,35,5,"玫瑰红色 超玫",null,100]
["弯竹70CM","竹子类",23,"扎","支",1,27,35,5,"玫瑰红色 超玫",null,100]
["龙竹40cm","竹子类",24,"扎","支",1,28,35,5,"玫瑰红色 超玫",null,100]
["龙竹50cm","竹子类",25,"扎","支",1,29,35,5,"玫瑰红色 超玫",null,100]
["水竹","竹子类",26,"扎","支",1,30,35,5,"玫瑰红色 超玫",null,100]
["银柳","竹子类",27,"扎","支",1,31,35,5,"玫瑰红色 超玫",null,100]
["百万星白","满天星",28,"扎","支",1,32,35,5,"玫瑰红色 超玫",null,100]
["百万彩星","满天星",29,"扎","支",1,33,35,5,"玫瑰红色 超玫",null,100]
["满天星白","满天星",30,"扎","支",1,34,35,5,"玫瑰红色 超玫",null,100]
["进口彩星","满天星",31,"扎","支",1,35,35,5,"玫瑰红色 超玫",null,100]
["高山羊齿","叶材",32,"扎","支",1,36,35,5,"玫瑰红色 超玫",null,100]
["文松","叶材",33,"扎","支",1,37,35,5,"玫瑰红色 超玫",null,100]
["黄剑叶","叶材",34,"扎","支",1,38,35,5,"玫瑰红色 超玫",null,100]
["巴西叶","叶材",35,"扎","支",1,39,35,5,"玫瑰红色 超玫",null,100]
["龟背叶","叶材",36,"扎","支",20,40,35,5,"玫瑰红色 超玫",null,100]
["桅子叶","叶材",37,"扎","支",20,41,35,5,"玫瑰红色 超玫",null,100]
["散尾叶","叶材",38,"扎","支",20,42,35,5,"玫瑰红色 超玫",null,100]
["尤加利叶","叶材",39,"扎","支",20,43,35,5,"玫瑰红色 超玫",null,100]
["细尤加利","叶材",40,"扎","支",20,44,35,5,"玫瑰红色 超玫",null,100]
["大叶尤加利","叶材",41,"扎","支",20,45,35,5,"玫瑰红色 超玫",null,100]
["进口尤加利","叶材",42,"扎","支",20,46,35,5,"玫瑰红色 超玫",null,100]
["垓树叶","叶材",43,"扎","支",20,47,35,5,"玫瑰红色 超玫",null,100]
["小米果叶","叶材",44,"扎","支",20,48,35,5,"玫瑰红色 超玫",null,100]
["天竺少女","叶材",45,"扎","支",20,49,35,5,"玫瑰红色 超玫",null,100]
["雪柳叶","叶材",46,"扎","支",20,50,35,5,"玫瑰红色 超玫",null,100]
["黄英","叶材",47,"扎","支",20,51,35,5,"玫瑰红色 超玫",null,100]
["十字花","叶材",48,"扎","支",20,52,35,5,"玫瑰红色 超玫",null,100]
["春兰叶","叶材",49,"扎","支",20,53,35,5,"玫瑰红色 超玫",null,100]
["常春藤","叶材",50,"扎","支",20,54,35,5,"玫瑰红色 超玫",null,100]
["黄金球","叶材",51,"扎","支",20,55,35,5,"玫瑰红色 超玫",null,100]
["紫罗兰","配花类",52,"扎","支",20,56,35,5,"玫瑰红色 超玫",null,100]
["洋兰白","配花类",53,"扎","支",20,57,35,5,"玫瑰红色 超玫",null,100]
["洋兰紫","配花类",54,"扎","支",20,58,35,5,"玫瑰红色 超玫",null,100]
["向日葵","配花类",55,"扎","支",20,59,28,5,"玫瑰红色 超玫",null,100]
["绣球粉","配花类",56,"扎","支",20,60,28,5,"玫瑰红色 超玫",null,100]
["绣球蓝","配花类",57,"扎","支",20,61,28,5,"玫瑰红色 超玫",null,100]
["洋桔梗","配花类",58,"扎","支",20,62,28,5,"玫瑰红色 超玫",null,100]
["相思梅","配花类",59,"扎","支",20,63,28,5,"玫瑰红色 超玫",null,100]
["紫勿","配花类",60,"扎","支",20,64,28,5,"玫瑰红色 超玫",null,100]
["粉勿","配花类",61,"扎","支",20,65,28,5,"玫瑰红色 超玫",null,100]
["水晶草","配花类",62,"扎","支",20,66,28,5,"玫瑰红色 超玫",null,100]
["红水晶","配花类",63,"扎","支",20,67,28,5,"玫瑰红色 超玫",null,100]
["情人草","配花类",64,"扎","支",20,68,28,5,"玫瑰红色 超玫",null,100]
["红豆","配花类",65,"扎","支",20,69,28,5,"玫瑰红色 超玫",null,100]
["绿豆","配花类",66,"扎","支",20,70,28,5,"玫瑰红色 超玫",null,100]
["粉豆","配花类",67,"扎","支",20,71,28,5,"玫瑰红色 超玫",null,100]
["郁金香","配花类",68,"扎","支",20,72,28,5,"玫瑰红色 超玫",null,100]
["黑种草","配花类",69,"扎","支",20,73,28,5,"玫瑰红色 超玫",null,100]
["情人果","配花类",70,"扎","支",20,74,28,5,"玫瑰红色 超玫",null,100]
["跳舞兰","配花类",71,"扎","支",20,75,28,5,"玫瑰红色 超玫",null,100]
["芍药白","配花类",72,"扎","支",20,76,28,5,"玫瑰红色 超玫",null,100]
["芍药粉","配花类",73,"扎","支",20,77,28,5,"玫瑰红色 超玫",null,100]
["水仙百合","配花类",74,"扎","支",20,78,28,5,"玫瑰红色 超玫",null,100]
["进口水仙百合","配花类",75,"扎","支",20,79,28,5,"玫瑰红色 超玫",null,100]
["孔雀草","配花类",76,"扎","支",20,80,28,5,"玫瑰红色 超玫",null,100]
["灯台","配花类",77,"扎","支",20,81,28,5,"玫瑰红色 超玫",null,100]
["小飞燕","配花类",78,"扎","支",20,82,28,5,"玫瑰红色 超玫",null,100]
["大飞燕","配花类",79,"扎","支",20,83,28,5,"玫瑰红色 超玫",null,100]
["翠扇","配花类",80,"扎","支",20,84,28,5,"玫瑰红色 超玫",null,100]
["柔丽丝","配花类",81,"扎","支",10,85,28,5,"玫瑰红色 超玫",null,100]
["古代稀","配花类",82,"扎","支",10,86,28,5,"玫瑰红色 超玫",null,100]
["棉花","配花类",83,"扎","支",10,87,28,5,"玫瑰红色 超玫",null,100]
["松虫草","配花类",84,"扎","支",10,88,28,5,"玫瑰红色 超玫",null,100]
["麦秆菊","配花类",85,"扎","支",10,89,28,5,"玫瑰红色 超玫",null,100]
["风玲花","配花类",86,"扎","支",10,90,28,5,"玫瑰红色 超玫",null,100]
["风车果","配花类",87,"扎","支",10,91,28,5,"玫瑰红色 超玫",null,100]
["蕾丝","配花类",88,"扎","支",10,92,28,5,"玫瑰红色 超玫",null,100]
["山里红","配花类",89,"扎","支",10,93,28,5,"玫瑰红色 超玫",null,100]
["翠珠","配花类",90,"扎","支",10,94,28,5,"玫瑰红色 超玫",null,100]
["梦中情人","配花类",91,"扎","支",10,95,28,5,"玫瑰红色 超玫",null,100]
["小手球","配花类",92,"扎","支",10,96,28,5,"玫瑰红色 超玫",null,100]
["小毛球","配花类",93,"扎","支",10,97,28,5,"玫瑰红色 超玫",null,100]
["绿宝石","配花类",94,"扎","支",10,98,28,5,"玫瑰红色 超玫",null,100]
["拉丝","配花类",95,"扎","支",10,99,28,5,"玫瑰红色 超玫",null,100]